| 000 | 00355nam a2200133Ia 4500 | ||
|---|---|---|---|
| 008 | 240624s9999 xx 000 0 und d | ||
| 041 | _aeng | ||
| 082 | _a658.4012 FOG | ||
| 100 | _aFOGG C DAVIS | ||
| 245 | _aTEAM BASED STRATEGIC PLANNING A COMPLETE | ||
| 260 |
_c2008 _aNew Delhi _bPHI Learning |
||
| 300 | _axii, : 337 : p. : cm. ; 23 | ||
| 365 |
_cRS _b35 |
||
| 999 |
_c16648 _d16648 |
||